Abréviations dans les messages - Combien en connaissez vous? - Statistiques

Statistiques générales
  • Ce quiz a été pris 105 fois
    104 depuis la dernière actualisation
  • Le résultat moyen est 45 sur 50
Statistiques - réponses
Abréviation Véritable sens % Correct
Bjr Bonjour
100%
Cv? Ça va?
100%
Mdr Mort de rire
100%
Slt Salut
100%
Tkt T’inquiètes
100%
Cc Coucou
99%
Dsl Désolé
99%
Jsp Je ne sais pas
99%
Jtm Je t’aime
99%
Nn Non
99%
Pk Pourquoi
99%
Qd Quand
99%
Qlqn Quelqu’un
99%
Bsr Bonsoir
98%
Grv Grave
98%
Stp S’il te plait
98%
Svp S’il vous plait
98%
Tjrs Toujours
98%
Mrc Merci
96%
Ns Nous
96%
Vrm Vraiment
96%
Wsh Wesh
96%
Jms Jamais
95%
Js Je suis| Je sais
95%
Qlq Quelque
95%
Tt Tout
95%
Ajd Aujourd’hui
94%
Pr Pour
94%
Vs (pas « versus ») Vous
94%
C C’est
93%
Arrt Arrête
92%
G J’ai
92%
OMG Oh My God
92%
Dcp Ducoup
91%
Ct C’était
88%
Gt J’étais
87%
Oe Ouais
87%
Rav Rien à voir
87%
Ras Rien à signaler
86%
T T’es
85%
Fr (pas « français ») Frère
82%
Lv La vie
82%
WE Week-end
78%
Vz Vas-y
76%
Cad? C’est à dire?
75%
Csc Contre son camp
75%
CQFD Ce qu’il fallait dire
54%
T t T’étais
51%
Tv T’as vu
49%
Ve Veut | Veux
47%
Aucun quiz correspondant
Distribution des résultats
% des personnes avec chaque résultat
Percentile par nombre de réponses
Votre historique - résultats
Vous n’avez pas pris ce quiz depuis la dernière actualisation